000 00507nam a2200181Ia 4500
005 20250508163653.0
008 008 250505s9999 xx 000 0 eng d
037 _aTextual
040 _aFEDL
_beng
_cFEDL
041 _aeng
_2eng
084 _a372.4, ROB
_qFEDL
100 _aRobinson Muriel
_9775943
245 0 _aChildren reading print and television
260 _aLondon, UK
_bThe Falmer Press
_c1997
300 _avii,198p.
942 _cTEXL
_h372.4, ROB
999 _c1384621
_d1384621